000 00403nam a22001697a 4500
003 OSt
005 20260521111519.0
008 260521b |||||||| |||| 00| 0 eng d
020 _a9789365893526
082 _a006.3 ZHB
100 _aZHANG,Alina Li
245 _aBuild your Own AI Assistant
250 _a1st Ed
260 _aNew Delhi
_bBPB Publications
_c2026
300 _a210p.
942 _2ddc
_cBK
999 _c13984
_d13984